[Event "Quebec-ch qual"]
[Site "Gatineau CAN"]
[Date "2010.03.16"]
[Round "2"]
[White "Danilov, Alex"]
[Black "Cossette, Daniel"]
[Result "1/2-1/2"]
[WhiteElo "1824"]
[BlackElo "2035"]
[PlyCount "75"]
[EventDate "2010.03.09"]
[EventType "swiss"]
[EventRounds "5"]
[EventCountry "CAN"]
[Source "ChessBase"]
[SourceDate "2011.11.26"]

1. Nf3 d5 2. d4 e6 3. c4 c5 4. Nc3 Nc6 5. e3 Nf6 6. Bd3 dxc4 7. Bxc4 cxd4 8.
exd4 a6 9. Bd3 Be7 10. O-O O-O 11. Re1 b5 12. a3 Bb7 13. Bc2 Na5 14. Qd3 Bxf3
15. gxf3 Rc8 16. d5 Rxc3 17. bxc3 Qxd5 18. a4 b4 19. Qxd5 Nxd5 20. cxb4 Bxb4
21. Re2 Rc8 22. Bd3 Nb3 23. Bxa6 Rc7 24. Rb1 Nxc1 25. Reb2 Bf8 26. Bf1 g6 27.
a5 Ba3 28. Rb8+ Kg7 29. a6 Na2 30. R8b7 Bc5 31. a7 Bxa7 32. Rxc7 Nxc7 33. Rb7
Bxf2+ 34. Kxf2 Nd5 35. Bb5 Kf8 36. Rb8+ Ke7 37. Rb7+ Kf8 38. Rb8+ 1/2-1/2

[Event "Quebec-ch qual"]
[Site "Gatineau CAN"]
[Date "2010.03.16"]
[Round "2"]
[White "Desjardins, Michel"]
[Black "Rainey, Ivan"]
[Result "1-0"]
[WhiteElo "2031"]
[BlackElo "1384"]
[PlyCount "35"]
[EventDate "2010.03.09"]
[EventType "swiss"]
[EventRounds "5"]
[EventCountry "CAN"]
[Source "ChessBase"]
[SourceDate "2011.11.26"]

1. e4 e6 2. d4 d5 3. e5 c5 4. c3 Nc6 5. Nf3 Qb6 6. a3 Nge7 7. b4 cxd4 8. cxd4
Nf5 9. Be3 Nxb4 10. axb4 Bxb4+ 11. Nbd2 Bc3 12. Rb1 Nxe3 13. fxe3 Bxd2+ 14.
Nxd2 Qa5 15. Bb5+ Ke7 16. Qc2 a6 17. Qc5+ Kd8 18. Qd6+ 1-0

[Event "Quebec-ch qual"]
[Site "Gatineau CAN"]
[Date "2010.03.16"]
[Round "2"]
[White "Guimond, Michel"]
[Black "Thibault, Mario"]
[Result "0-1"]
[WhiteElo "1957"]
[BlackElo "1733"]
[PlyCount "148"]
[EventDate "2010.03.09"]
[EventType "swiss"]
[EventRounds "5"]
[EventCountry "CAN"]
[Source "ChessBase"]
[SourceDate "2011.11.26"]

1. e4 c5 2. Nf3 g6 3. d4 cxd4 4. Nxd4 Nc6 5. Nxc6 bxc6 6. Qd4 Nf6 7. e5 Ng8 8.
Bd3 Bg7 9. O-O Qa5 10. f4 Nh6 11. Nc3 O-O 12. Be3 d6 13. Rae1 Nf5 14. Bxf5 Bxf5
15. Qd1 dxe5 16. g4 exf4 17. Rxf4 Be6 18. h4 Rfd8 19. Qe2 Bxc3 20. bxc3 Qxc3
21. Qf2 Rd5 22. Bd4 Qa5 23. c4 Rd7 24. Rf1 Rf8 25. Qe3 Bxc4 26. R1f2 Qd5 27.
Bc5 Qd1+ 28. Kh2 Bd5 29. Rf1 Qc2+ 30. R1f2 Qb1 31. Rf1 Qxa2+ 32. R1f2 Qb1 33.
Rf1 Qb8 34. Kg1 Be6 35. Rb4 Qc7 36. Rfb1 Rfd8 37. Rd4 Rxd4 38. Bxd4 Rb8 39.
Rxb8+ Qxb8 40. Bxa7 Qb1+ 41. Kg2 Qa2+ 42. Kg1 Bd5 43. Kf1 Qg2+ 44. Ke1 Qe4 45.
Qxe4 Bxe4 46. Bc5 e5 47. Be7 f5 48. Bd6 Kf7 49. Bxe5 Ke6 50. Bc7 fxg4 51. Ke2
Kf5 52. Ke3 h6 53. Kf2 c5 54. Bd6 c4 55. Bf8 g5 56. hxg5 Kxg5 57. Kg3 h5 58.
Be7+ Kf5 59. Bb4 Ke5 60. Bc3+ Kd5 61. Kf4 Bg6 62. Bf6 Kc5 63. Bc3 Kb5 64. Ke3
Ka4 65. Bf6 Kb3 66. Kd2 g3 67. Bh4 g2 68. Bf2 h4 69. Bg1 h3 70. Bh2 c3+ 71. Kc1
Kc4 72. Kd1 Kd3 73. Bg1 c2+ 74. Kc1 Ke2 0-1

[Event "Quebec-ch qual"]
[Site "Gatineau CAN"]
[Date "2010.03.16"]
[Round "2"]
[White "Jiang, Qizhe"]
[Black "Wilson, Alan"]
[Result "1-0"]
[WhiteElo "1198"]
[BlackElo "1405"]
[PlyCount "61"]
[EventDate "2010.03.09"]
[EventType "swiss"]
[EventRounds "5"]
[EventCountry "CAN"]
[Source "ChessBase"]
[SourceDate "2011.11.26"]

1. e4 d6 2. d4 Nc6 3. Nc3 g6 4. f4 Bg7 5. Nf3 Bg4 6. d5 Nd4 7. Be2 e5 8. O-O
Ne7 9. Nxd4 exd4 10. Bxg4 dxc3 11. b3 O-O 12. f5 c6 13. f6 Nxd5 14. fxg7 Qb6+
15. Kh1 Ne3 16. gxf8=Q+ Rxf8 17. Bxe3 Qxe3 18. Qe1 Qc5 19. Qf2 d5 20. Qxc5 dxe4
21. Qxc3 f5 22. Bxf5 gxf5 23. Qg3+ Kh8 24. Qe5+ Kg8 25. Rxf5 Rf7 26. Rxf7 Kxf7
27. Rf1+ Kg6 28. Qxe4+ Kg7 29. Qe6 h6 30. Rf7+ Kg8 31. Qe8# 1-0

[Event "Quebec-ch qual"]
[Site "Gatineau CAN"]
[Date "2010.03.16"]
[Round "2"]
[White "Labelle, Raymond"]
[Black "Dagenais, Benoit"]
[Result "1-0"]
[WhiteElo "1385"]
[BlackElo "1434"]
[PlyCount "57"]
[EventDate "2010.03.09"]
[EventType "swiss"]
[EventRounds "5"]
[EventCountry "CAN"]
[Source "ChessBase"]
[SourceDate "2011.11.26"]

1. e4 Nf6 2. Nc3 d5 3. exd5 Nxd5 4. Nxd5 Qxd5 5. Nf3 Nc6 6. Be2 Bd7 7. O-O
O-O-O 8. b3 f6 9. d4 Bg4 10. c4 Qd6 11. a4 Bxf3 12. Bxf3 Qxd4 13. Be3 Qc3 14.
Qb1 Ne5 15. Qf5+ Kb8 16. Be4 e6 17. Qxe6 Bd6 18. Qh3 Rhe8 19. Bxa7+ Kxa7 20.
Qxc3 Ng4 21. Rfe1 Bxh2+ 22. Kf1 Be5 23. Qa5+ Kb8 24. Qb5 c6 25. Bxc6 Re7 26.
Rad1 Nh2+ 27. Kg1 Rxd1 28. Rxd1 Bc7 29. Qxb7# 1-0

[Event "Quebec-ch qual"]
[Site "Gatineau CAN"]
[Date "2010.03.16"]
[Round "2"]
[White "Laurin, Jacques"]
[Black "MacIsaac, Alexandre"]
[Result "1-0"]
[WhiteElo "1904"]
[BlackElo "1622"]
[PlyCount "49"]
[EventDate "2010.03.09"]
[EventType "swiss"]
[EventRounds "5"]
[EventCountry "CAN"]
[Source "ChessBase"]
[SourceDate "2011.11.26"]

1. c4 e5 2. g3 Nc6 3. Bg2 Nf6 4. Nc3 Bb4 5. a3 Bxc3 6. bxc3 O-O 7. d4 d5 8.
dxe5 Nxe5 9. cxd5 Bf5 10. Bg5 Qd6 11. Bxf6 Qxf6 12. Qd4 c5 13. Qd2 Nc4 14. Qc1
Rfe8 15. Nh3 Qe5 16. O-O Bxh3 17. Bxh3 Qxe2 18. Qf4 Nd2 19. Bg4 Qe4 20. Qxd2
Qxg4 21. Rfe1 Qc4 22. d6 Rad8 23. Re7 Qa6 24. Rae1 Kf8 25. Qd5 1-0

[Event "Quebec-ch qual"]
[Site "Gatineau CAN"]
[Date "2010.03.16"]
[Round "2"]
[White "Lavergne, Daniel"]
[Black "Arsenault, Yves"]
[Result "1/2-1/2"]
[WhiteElo "1538"]
[BlackElo "1539"]
[PlyCount "99"]
[EventDate "2010.03.09"]
[EventType "swiss"]
[EventRounds "5"]
[EventCountry "CAN"]
[Source "ChessBase"]
[SourceDate "2011.11.26"]

1. d4 d5 2. c4 c6 3. Nf3 Nf6 4. Nc3 e6 5. Bg5 Be7 6. e3 O-O 7. Qc2 Nbd7 8. h4
h6 9. O-O-O Bb4 10. Bf4 Bxc3 11. bxc3 Ne4 12. Bd3 Ndf6 13. Ne5 Qa5 14. Bxe4
Nxe4 15. Rd3 Qa3+ 16. Kd1 f6 17. cxd5 fxe5 18. dxe5 exd5 19. f3 Nc5 20. Rd2 Bf5
21. Qb2 Qxb2 22. Rxb2 Nd3 23. Rd2 b5 24. g4 Nxf4 25. exf4 Bh7 26. f5 h5 27. Re1
Rae8 28. Rd4 Re7 29. Kd2 Rfe8 30. e6 a5 31. a4 Rb8 32. Re5 b4 33. cxb4 axb4 34.
Kc1 b3 35. Kb2 Kf8 36. a5 Bg8 37. Ra4 g6 38. fxg6 hxg4 39. fxg4 Bxe6 40. a6 Kg7
41. a7 Ra8 42. h5 Kf6 43. Re3 Raxa7 44. g5+ Kf5 45. Rxa7 Rxa7 46. h6 Kxg6 47.
Rxe6+ Kxg5 48. Rxc6 Rh7 49. Rc5 Rxh6 50. Rxd5+ 1/2-1/2

[Event "Quebec-ch qual"]
[Site "Gatineau CAN"]
[Date "2010.03.16"]
[Round "2"]
[White "Menard, Marc"]
[Black "Levesque, Andre"]
[Result "1-0"]
[WhiteElo "1550"]
[BlackElo "1364"]
[PlyCount "97"]
[EventDate "2010.03.09"]
[EventType "swiss"]
[EventRounds "5"]
[EventCountry "CAN"]
[Source "ChessBase"]
[SourceDate "2011.11.26"]

1. e4 c5 2. Nf3 Nc6 3. d4 cxd4 4. Nxd4 g6 5. Nc3 Bg7 6. Be3 Nf6 7. Be2 O-O 8.
f4 d6 9. O-O Qb6 10. a3 Nxe4 11. Nf5 Nxc3 12. bxc3 Qc7 13. Nxg7 Kxg7 14. Bd3 f5
15. Bc4 e6 16. Qd2 Bd7 17. Rad1 d5 18. Bb5 Rfd8 19. Bxc6 bxc6 20. Bd4+ Kf7 21.
Be5 Qb6+ 22. Qd4 c5 23. Qf2 Bc6 24. Qh4 Kg8 25. Qf6 Qb7 26. Qxe6+ Qf7 27. Qxc6
Rac8 28. Qf6 Qxf6 29. Bxf6 Re8 30. Rfe1 Kf7 31. Be5 Rcd8 32. Rb1 Rd7 33. Kf2 d4
34. cxd4 cxd4 35. Rb8 Rxb8 36. Bxb8 Rb7 37. Be5 Rb2 38. Re2 Ra2 39. Bxd4 Rxa3
40. c4 Ra4 41. Rc2 Ke6 42. Be5 g5 43. g3 g4 44. c5 Kd7 45. c6+ Kc8 46. c7 Rb4
47. Rd2 Kb7 48. Rd8 Rc4 49. Rb8+ 1-0

[Event "Quebec-ch qual"]
[Site "Gatineau CAN"]
[Date "2010.03.16"]
[Round "2"]
[White "Mohit, Surdasji"]
[Black "Groleau, Gilles"]
[Result "1/2-1/2"]
[WhiteElo "1568"]
[BlackElo "1982"]
[PlyCount "75"]
[EventDate "2010.03.09"]
[EventType "swiss"]
[EventRounds "5"]
[EventCountry "CAN"]
[Source "ChessBase"]
[SourceDate "2011.11.26"]

1. e4 c5 2. Nf3 e6 3. d4 cxd4 4. Nxd4 a6 5. a3 Nc6 6. Be3 Nf6 7. Nc3 d6 8. Bc4
Qc7 9. Bb3 Be7 10. h3 O-O 11. Nde2 b5 12. f4 Na5 13. Bf2 Bb7 14. Qd3 Rac8 15.
O-O Nxb3 16. cxb3 d5 17. e5 Ne4 18. Bd4 b4 19. axb4 Bxb4 20. Rfc1 Qe7 21. Nxe4
dxe4 22. Qe3 a5 23. Rxc8 Rxc8 24. Rc1 f5 25. exf6 Rxc1+ 26. Qxc1 gxf6 27. Ng3
f5 28. Qc4 Kf7 29. Nxf5 Qd7 30. Ne3 Bd5 31. Nxd5 exd5 32. Qe2 Qf5 33. Qg4 Qxg4
34. hxg4 Bd2 35. g3 Kg6 36. Kf2 h5 37. g5 Kf5 38. Bc3 1/2-1/2

[Event "Quebec-ch qual"]
[Site "Gatineau CAN"]
[Date "2010.03.16"]
[Round "2"]
[White "Morel, Joseph"]
[Black "Beland, Guy"]
[Result "0-1"]
[WhiteElo "1292"]
[BlackElo "1432"]
[PlyCount "110"]
[EventDate "2010.03.09"]
[EventType "swiss"]
[EventRounds "5"]
[EventCountry "CAN"]
[Source "ChessBase"]
[SourceDate "2011.11.26"]

1. d4 Nf6 2. c4 g6 3. Nc3 Bg7 4. e4 O-O 5. Nf3 c6 6. h3 d5 7. cxd5 cxd5 8. e5
Ne8 9. Bd3 Nc6 10. a3 a6 11. Be3 Nc7 12. Qd2 f6 13. exf6 exf6 14. O-O Ne6 15.
Bc2 b5 16. b4 Bb7 17. Bb3 Ne7 18. Bc2 f5 19. Ne2 Kh8 20. Nf4 Nxf4 21. Bxf4 Nc6
22. Rfe1 Qb6 23. Bh6 Rae8 24. Bxg7+ Kxg7 25. Rxe8 Rxe8 26. Kf1 Qc7 27. Bb3 Re4
28. Kg1 Qd6 29. Qa2 Ne7 30. Rc1 h6 31. Qd2 f4 32. Re1 Rxe1+ 33. Qxe1 Nc6 34.
Nh2 Nxd4 35. Qc3 Qe5 36. Kf1 h5 37. Nf3 Nxf3 38. Qxf3 Qe4 39. Qxe4 dxe4 40. h4
Kf6 41. Ke2 g5 42. hxg5+ Kxg5 43. Be6 h4 44. f3 Kf6 45. Bh3 Ke5 46. fxe4 Kxe4
47. Bg4 Kd4 48. Bf3 Be4 49. Kf2 Bxf3 50. Kxf3 Ke5 51. Kg4 Ke4 52. Kxh4 f3 53.
gxf3+ Kxf3 54. Kg5 Ke4 55. Kf6 Kd5 0-1

[Event "Quebec-ch qual"]
[Site "Gatineau CAN"]
[Date "2010.03.16"]
[Round "2"]
[White "Pilon, Robert"]
[Black "Berthiaume, Serge"]
[Result "1/2-1/2"]
[WhiteElo "1439"]
[BlackElo "1309"]
[PlyCount "92"]
[EventDate "2010.03.09"]
[EventType "swiss"]
[EventRounds "5"]
[EventCountry "CAN"]
[Source "ChessBase"]
[SourceDate "2011.11.26"]

1. e4 e5 2. Nf3 Nf6 3. Bc4 c6 4. d3 d5 5. exd5 cxd5 6. Bb3 Nc6 7. O-O Bd6 8.
Bg5 Be6 9. Nc3 h6 10. Bxf6 Qxf6 11. Bxd5 Rc8 12. Ne4 Qe7 13. Bxe6 Qxe6 14.
Nxd6+ Qxd6 15. Re1 O-O 16. c3 Rc7 17. Re3 Rd8 18. Qe2 Rcd7 19. Rd1 Re7 20. d4
exd4 21. Rxe7 Nxe7 22. Rxd4 Qc7 23. Qd2 Rxd4 24. Qxd4 Nc6 25. Qd3 Qa5 26. a3
Qc7 27. Nd4 Qd6 28. Qe3 Ne5 29. Qe2 Qg6 30. g3 Qb1+ 31. Kg2 f6 32. Qc2 Qa2 33.
a4 Qd5+ 34. f3 Kh8 35. Qe4 Qd7 36. Qf5 Qd5 37. Qe6 Qd8 38. b4 Nd3 39. Qe4 Nb2
40. Qxb7 Nxa4 41. Ne6 Qg8 42. Nc5 Qa2+ 43. Kh3 Nxc3 44. Na6 Qe6+ 45. Kg2 Qe2+
46. Kh3 Qe6+ 1/2-1/2

[Event "Quebec-ch qual"]
[Site "Gatineau CAN"]
[Date "2010.03.16"]
[Round "2"]
[White "Sabourin, Yves"]
[Black "Berthiaume, Patrick"]
[Result "1/2-1/2"]
[WhiteElo "1427"]
[BlackElo "1225"]
[PlyCount "107"]
[EventDate "2010.03.09"]
[EventType "swiss"]
[EventRounds "5"]
[EventCountry "CAN"]
[Source "ChessBase"]
[SourceDate "2011.11.26"]

1. d4 g6 2. c4 Bg7 3. e4 d6 4. Nf3 Nd7 5. Nc3 e5 6. d5 Ngf6 7. Be2 O-O 8. Be3
Qe7 9. Qc1 a6 10. Bh6 Nc5 11. Bxg7 Kxg7 12. Qe3 Ng4 13. Qd2 f5 14. Bd3 Nf6 15.
b4 Nxd3+ 16. Qxd3 fxe4 17. Nxe4 Nxe4 18. Qxe4 Bf5 19. Qh4 Qxh4 20. Nxh4 Bd3 21.
Rc1 Rf4 22. c5 Rxh4 23. cxd6 Rc4 24. Kd2 Rxc1 25. Rxc1 Be4 26. dxc7 Rc8 27. d6
Bf5 28. Ke3 Bd7 29. Ke4 Kf6 30. Kd5 h5 31. Kc5 Ke6 32. Rd1 Bc6 33. Kb6 Kd7 34.
a4 Rf8 35. Rd2 Rf4 36. b5 axb5 37. axb5 Rb4 38. Ka7 Bxb5 39. Kb8 Rc4 40. Kxb7
Bc6+ 41. Kb6 Rb4+ 42. Kc5 Rb5+ 43. Kc4 Ra5 44. g3 Ra4+ 45. Kc5 Bb7 46. h4 Rd4
47. Rxd4 exd4 48. Kxd4 Kxd6 49. Ke3 Kxc7 50. Kf4 Bc8 51. Kg5 Bf5 52. f3 Kd6 53.
g4 hxg4 54. fxg4 1/2-1/2

[Event "Quebec-ch qual"]
[Site "Gatineau CAN"]
[Date "2010.03.16"]
[Round "2"]
[White "Scantland, Patrick"]
[Black "Gagnon, Fabien"]
[Result "0-1"]
[WhiteElo "1756"]
[BlackElo "1922"]
[PlyCount "50"]
[EventDate "2010.03.09"]
[EventType "swiss"]
[EventRounds "5"]
[EventCountry "CAN"]
[Source "ChessBase"]
[SourceDate "2011.11.26"]

1. d4 Nf6 2. c4 c5 3. Nf3 cxd4 4. Nxd4 Nc6 5. Nc3 g6 6. e4 Nxd4 7. Qxd4 d6 8.
Be3 Bg7 9. Be2 O-O 10. Qd2 Be6 11. O-O Qa5 12. f4 Rfc8 13. b3 a6 14. Rac1 b5
15. cxb5 axb5 16. Bf3 Rab8 17. e5 dxe5 18. fxe5 Nd7 19. Bd4 Nxe5 20. Be2 Rd8
21. Qe3 Rxd4 22. Nxb5 Rxb5 23. Bxb5 Qxb5 24. Rc7 Ng4 25. Qc1 Rd8 0-1

[Event "Quebec-ch qual"]
[Site "Gatineau CAN"]
[Date "2010.03.23"]
[Round "3"]
[White "Beland, Guy"]
[Black "Menard, Marc"]
[Result "0-1"]
[WhiteElo "1432"]
[BlackElo "1550"]
[PlyCount "68"]
[EventDate "2010.03.09"]
[EventType "swiss"]
[EventRounds "5"]
[EventCountry "CAN"]
[Source "ChessBase"]
[SourceDate "2011.11.26"]

1. e4 e5 2. f4 exf4 3. Nf3 g5 4. Bc4 Nc6 5. O-O Bc5+ 6. d4 Bb6 7. c3 Na5 8.
Bxf7+ Kxf7 9. Nxg5+ Kg6 10. Bxf4 Nh6 11. h4 Rf8 12. h5+ Kg7 13. Be5+ Kg8 14.
Nf7 Rxf7 15. Rxf7 Nxf7 16. Bf4 d6 17. Nd2 Qh4 18. g3 Qh3 19. Nf3 Bg4 20. Kf2
Ne5 21. Bxe5 dxe5 22. Qd2 Qxh5 23. Rh1 Qg6 24. Kg2 Bxf3+ 25. Kxf3 Rf8+ 26. Kg2
Nc4 27. Qc1 Rf6 28. Rh3 h6 29. b3 Nd6 30. Qe3 Qg5 31. Qd3 Qc1 32. Qe2 Qg5 33.
Rh4 Rg6 34. Rh3 Qf4 0-1

[Event "Quebec-ch qual"]
[Site "Gatineau CAN"]
[Date "2010.03.23"]
[Round "3"]
[White "Berthiaume, Serge"]
[Black "Sabourin, Yves"]
[Result "0-1"]
[WhiteElo "1309"]
[BlackElo "1427"]
[PlyCount "118"]
[EventDate "2010.03.09"]
[EventType "swiss"]
[EventRounds "5"]
[EventCountry "CAN"]
[Source "ChessBase"]
[SourceDate "2011.11.26"]

1. d4 d5 2. Nf3 Nf6 3. Bf4 Bg4 4. e3 e6 5. Be2 c5 6. Bxb8 Rxb8 7. Bb5+ Nd7 8.
c3 a6 9. Bxd7+ Qxd7 10. Nbd2 Bd6 11. dxc5 Bxc5 12. Ne5 Bxd1 13. Nxd7 Kxd7 14.
Rxd1 Ke7 15. O-O b5 16. Nf3 f6 17. Rd2 a5 18. Rfd1 Rhd8 19. g3 a4 20. a3 Rd6
21. Ne1 Rbd8 22. Nd3 Bb6 23. Nb4 Ba5 24. Rd4 Rc8 25. Rg4 g6 26. Rh4 h5 27. Nc2
e5 28. Rd2 Rc4 29. f4 Re4 30. Kf2 Rc4 31. Kf3 Kf7 32. Ke2 Kg7 33. Ne1 Kh6 34.
Nf3 e4 35. Nd4 Rxd4 36. exd4 g5 37. fxg5+ fxg5 38. Rh3 g4 39. Rh4 Bd8 40. Kf2
Bxh4 41. gxh4 Rf6+ 42. Kg2 Rf3 43. Rc2 Kg6 44. Rf2 Kf5 45. Rc2 Kf4 46. Re2 e3
47. Rc2 Ke4 48. Kg1 Rf2 49. Rxf2 exf2+ 50. Kxf2 Kd3 51. Kg3 Kc2 52. Kf4 Kxb2
53. Kg5 Kxa3 54. Kxh5 Kb2 55. Kxg4 a3 56. h5 a2 57. h6 a1=Q 58. h7 Qa8 59. Kf5
Qh8 0-1

[Event "Quebec-ch qual"]
[Site "Gatineau CAN"]
[Date "2010.03.23"]
[Round "3"]
[White "Dagenais, Benoit"]
[Black "Levesque, Andre"]
[Result "1-0"]
[WhiteElo "1454"]
[BlackElo "1364"]
[PlyCount "101"]
[EventDate "2010.03.09"]
[EventType "swiss"]
[EventRounds "5"]
[EventCountry "CAN"]
[Source "ChessBase"]
[SourceDate "2011.11.26"]

1. g3 e5 2. Nf3 Nc6 3. d4 exd4 4. Nxd4 Nxd4 5. Qxd4 Nf6 6. Bg2 Be7 7. O-O O-O
8. Nc3 c6 9. e4 d6 10. Re1 Be6 11. b3 Qc7 12. Bb2 Rad8 13. Qxa7 Nd7 14. Qe3 Bf6
15. Rab1 Rfe8 16. Ne2 Bxb2 17. Rxb2 Nf6 18. a4 d5 19. Qf4 Qb6 20. e5 Nd7 21.
Nd4 Rf8 22. Qe3 c5 23. Nxe6 fxe6 24. f4 d4 25. Qf3 Rb8 26. Qh5 c4 27. Be4 g6
28. Bxg6 hxg6 29. Qxg6+ Kh8 30. Qh6+ Kg8 31. Qg6+ Kh8 32. Kg2 c3 33. Rbb1 Qc6+
34. Kh3 Rbe8 35. Rbd1 Re7 36. Qe4 Rh7+ 37. Kg2 Qc7 38. Qxd4 Rf5 39. Qd6 Qc6+
40. Qxc6 bxc6 41. Rd6 Rg7 42. a5 Rxf4 43. Rxd7 Rxd7 44. gxf4 Rd2+ 45. Kf3 Rxc2
46. Ra1 Rb2 47. a6 c2 48. a7 Ra2 49. a8=Q+ Rxa8 50. Rxa8+ Kg7 51. Ra1 1-0

[Event "Quebec-ch qual"]
[Site "Gatineau CAN"]
[Date "2010.03.23"]
[Round "3"]
[White "Gagnon, Fabien"]
[Black "Laurin, Jacques"]
[Result "1-0"]
[WhiteElo "1922"]
[BlackElo "1904"]
[PlyCount "43"]
[EventDate "2010.03.09"]
[EventType "swiss"]
[EventRounds "5"]
[EventCountry "CAN"]
[Source "ChessBase"]
[SourceDate "2011.11.26"]

1. d4 d6 2. c4 Nf6 3. Nc3 e6 4. Nf3 d5 5. Bg5 Be7 6. e3 Nbd7 7. Bd3 dxc4 8.
Bxc4 c6 9. O-O Nb6 10. Bd3 Ng4 11. Bxe7 Qxe7 12. Ne5 Nxe5 13. dxe5 Qc5 14. f4
Qxe3+ 15. Kh1 Nd5 16. Ne4 Nxf4 17. Bc2 O-O 18. Rf3 Qb6 19. Rxf4 Qxb2 20. Nf6+
gxf6 21. exf6 Bd7 22. Qg4+ 1-0

[Event "Quebec-ch qual"]
[Site "Gatineau CAN"]
[Date "2010.03.23"]
[Round "3"]
[White "Groleau, Gilles"]
[Black "Arsenault, Yves"]
[Result "1-0"]
[WhiteElo "1982"]
[BlackElo "1539"]
[PlyCount "63"]
[EventDate "2010.03.09"]
[EventType "swiss"]
[EventRounds "5"]
[EventCountry "CAN"]
[Source "ChessBase"]
[SourceDate "2011.11.26"]

1. e4 c5 2. Nc3 Nc6 3. f4 e6 4. Nf3 d5 5. exd5 exd5 6. Bb5 Nge7 7. Qe2 a6 8.
Bxc6+ bxc6 9. O-O g6 10. d3 Bg7 11. Re1 Ra7 12. h3 O-O 13. Qf2 Qd6 14. Na4 d4
15. b3 Nd5 16. Ne5 Bxe5 17. fxe5 Qe7 18. Ba3 Nb4 19. Bxb4 cxb4 20. Qxd4 Rd8 21.
Qe3 a5 22. Rad1 Rad7 23. d4 Qh4 24. Nb6 Re7 25. d5 cxd5 26. Nxd5 Kf8 27. Nxe7
Rxd1 28. Nxg6+ hxg6 29. Rxd1 Qe7 30. Rd5 Bf5 31. Qc5 g5 32. Rd8+ 1-0

[Event "Quebec-ch qual"]
[Site "Gatineau CAN"]
[Date "2010.03.23"]
[Round "3"]
[White "Guimond, Michel"]
[Black "Mohit, Surdasji"]
[Result "1/2-1/2"]
[WhiteElo "1957"]
[BlackElo "1568"]
[PlyCount "128"]
[EventDate "2010.03.09"]
[EventType "swiss"]
[EventRounds "5"]
[EventCountry "CAN"]
[Source "ChessBase"]
[SourceDate "2011.11.26"]

1. e4 e6 2. d4 d5 3. Nc3 Nf6 4. e5 Nfd7 5. f4 c5 6. Nf3 Nc6 7. Be3 a6 8. Be2
Be7 9. O-O O-O 10. Na4 cxd4 11. Nxd4 Nxd4 12. Bxd4 b5 13. Nc3 Bb7 14. Bd3 Bc5
15. Ne2 Qe7 16. c3 f6 17. Kh1 fxe5 18. fxe5 Rxf1+ 19. Qxf1 Rf8 20. Qg1 Bc6 21.
Rf1 g6 22. a3 Nxe5 23. Rxf8+ Qxf8 24. Bxc5 Qf7 25. Bb1 Nd7 26. Be3 e5 27. Qf2
Qe7 28. Ba2 Kg7 29. h4 Nf6 30. Bg5 Ne4 31. Bxe7 Nxf2+ 32. Kg1 Nd1 33. b3 Ne3
34. Kf2 Nf5 35. Bd8 Bd7 36. a4 Nd6 37. axb5 Bxb5 38. c4 dxc4 39. bxc4 Bxc4 40.
Bxc4 Nxc4 41. Nc3 Kf7 42. Ke2 Ke6 43. Kd3 Nd6 44. Ne4 Nb7 45. Bc7 a5 46. g4 a4
47. Kc4 h6 48. Kb4 Kd5 49. Nc3+ Kd4 50. Nxa4 e4 51. Kb5 e3 52. Bb6+ Ke4 53. Kc6
Kf3 54. Kxb7 e2 55. Bf2 Kxg4 56. Nb2 g5 57. hxg5 hxg5 58. Nd3 Kf3 59. Be1 g4
60. Ne5+ Kg2 61. Kc6 g3 62. Nd3 Kh2 63. Nf4 g2 64. Nxe2 g1=Q 1/2-1/2

[Event "Quebec-ch qual"]
[Site "Gatineau CAN"]
[Date "2010.03.23"]
[Round "3"]
[White "Lacourse, Guy"]
[Black "Desjardins, Michel"]
[Result "0-1"]
[WhiteElo "1703"]
[BlackElo "2031"]
[PlyCount "34"]
[EventDate "2010.03.09"]
[EventType "swiss"]
[EventRounds "5"]
[EventCountry "CAN"]
[Source "ChessBase"]
[SourceDate "2011.11.26"]

1. d4 d5 2. c4 c6 3. cxd5 cxd5 4. Nc3 Nc6 5. Nf3 Nf6 6. e3 Bf5 7. Qb3 Rb8 8.
Be2 h6 9. O-O e6 10. a3 Be7 11. Bd2 O-O 12. Rac1 a6 13. Qa2 Rc8 14. h3 Bd6 15.
Ne1 Na5 16. Nxd5 exd5 17. Rxc8 Bxc8 0-1

[Event "Quebec-ch qual"]
[Site "Gatineau CAN"]
[Date "2010.03.23"]
[Round "3"]
[White "Lavergne, Daniel"]
[Black "Scantland, Patrick"]
[Result "1-0"]
[WhiteElo "1538"]
[BlackElo "1756"]
[PlyCount "55"]
[EventDate "2010.03.09"]
[EventType "swiss"]
[EventRounds "5"]
[EventCountry "CAN"]
[Source "ChessBase"]
[SourceDate "2011.11.26"]

1. e4 c5 2. Nf3 d6 3. d4 cxd4 4. Nxd4 Nf6 5. Nc3 a6 6. g4 Bxg4 7. f3 Bd7 8. Be3
Nc6 9. Qd2 e6 10. Rg1 Qc7 11. O-O-O O-O-O 12. Qf2 g6 13. Nb3 Re8 14. Kb1 Kb8
15. a4 Ne5 16. Nd2 Rc8 17. Bb6 Qc6 18. Bb5 axb5 19. axb5 Qxc3 20. bxc3 Rxc3 21.
Bd4 Ra3 22. Bxe5 dxe5 23. Nc4 Ra4 24. Nb6 Rb4+ 25. Ka2 Kc7 26. c4 Bxb5 27. cxb5
Rxb5 28. Rc1+ 1-0

[Event "Quebec-ch qual"]
[Site "Gatineau CAN"]
[Date "2010.03.23"]
[Round "3"]
[White "Libersan, Mattieu"]
[Black "Danilov, Alex"]
[Result "0-1"]
[WhiteElo "1867"]
[BlackElo "1824"]
[PlyCount "110"]
[EventDate "2010.03.09"]
[EventType "swiss"]
[EventRounds "5"]
[EventCountry "CAN"]
[Source "ChessBase"]
[SourceDate "2011.11.26"]

1. e4 c5 2. Nf3 Nc6 3. d4 cxd4 4. Nxd4 e6 5. Nc3 a6 6. Be3 Nge7 7. Be2 Nxd4 8.
Bxd4 Nc6 9. Be3 Be7 10. O-O b5 11. f4 O-O 12. e5 Bb7 13. Bd3 d6 14. exd6 Bxd6
15. Ne4 Be7 16. Qh5 g6 17. Qh6 Re8 18. Ng5 Bxg5 19. fxg5 Re7 20. Bc5 Rd7 21.
Rf3 Ne5 22. Rh3 f5 23. gxf6 Rf7 24. Be7 Qd5 25. Rg3 Nxd3 26. cxd3 Qd4+ 27. Kh1
Qxb2 28. Rf1 Rc8 29. h4 Qe2 30. Rg1 Qe5 31. Rg5 Qd4 32. Rg3 Rc3 33. Qg5 Rxd3
34. h5 Rxg3 35. Qxg3 e5 36. hxg6 hxg6 37. Qxg6+ Kh8 38. Rf1 Bd5 39. Qh6+ Rh7
40. Qxh7+ Kxh7 41. f7 Bxf7 42. Rxf7+ Kg8 43. Rf8+ Kh7 44. Rf7+ Kg6 45. Rf6+ Kh5
46. Rxa6 e4 47. Ra5 Qb6 48. Bb4 Kg4 49. Ra8 Qe6 50. Ra5 Qc4 51. a3 Qf1+ 52. Kh2
e3 53. a4 Qf4+ 54. Kg1 Qxb4 55. Rxb5 Qxa4 0-1

[Event "Quebec-ch qual"]
[Site "Gatineau CAN"]
[Date "2010.03.23"]
[Round "3"]
[White "MacIsaac, Alexandre"]
[Black "Labelle, Raymond"]
[Result "1-0"]
[WhiteElo "1622"]
[BlackElo "1385"]
[PlyCount "57"]
[EventDate "2010.03.09"]
[EventType "swiss"]
[EventRounds "5"]
[EventCountry "CAN"]
[Source "ChessBase"]
[SourceDate "2011.11.26"]

1. e4 e5 2. Nf3 Nc6 3. Bb5 a6 4. Ba4 b5 5. Bb3 Na5 6. O-O Nxb3 7. axb3 d6 8.
Nc3 Bg4 9. h3 Bh5 10. Qe2 c6 11. Qe3 b4 12. Na4 Rb8 13. Qa7 Bxf3 14. gxf3 Ra8
15. Qb7 Ne7 16. Qxb4 Ng6 17. Qb7 Qh4 18. Qxa8+ Ke7 19. Qc8 h5 20. d4 Rh6 21.
Bxh6 gxh6 22. Qf5 Nf4 23. Kh2 Ne2 24. c3 Bg7 25. Rae1 Nf4 26. Nb6 Ne6 27. Nc4
Bf6 28. Ne3 Ng5 29. Ng2 1-0

[Event "Quebec-ch qual"]
[Site "Gatineau CAN"]
[Date "2010.03.23"]
[Round "3"]
[White "Pilon, Robert"]
[Black "Jiang, Qizhe"]
[Result "1-0"]
[WhiteElo "1439"]
[BlackElo "1198"]
[PlyCount "49"]
[EventDate "2010.03.09"]
[EventType "swiss"]
[EventRounds "5"]
[EventCountry "CAN"]
[Source "ChessBase"]
[SourceDate "2011.11.26"]

1. e4 g6 2. d4 Bg7 3. f4 d6 4. Nf3 Nf6 5. Bd3 O-O 6. O-O Nbd7 7. c3 c5 8. Be3
Qb6 9. Qc2 Qc6 10. Nbd2 b5 11. b3 Ba6 12. d5 Qc7 13. c4 bxc4 14. Nxc4 Nb6 15.
Rab1 e6 16. dxe6 fxe6 17. Ng5 Qd7 18. f5 exf5 19. exf5 Nbd5 20. Bd2 Ne7 21.
fxg6 h6 22. Nf7 Rxf7 23. gxf7+ Kxf7 24. Bc3 d5 25. Ne5+ 1-0